[Event "Grand Swiss "]
[Date "2025.09.08"]
[White "Praggnanandhaa R"]
[Black "Mishra, Abhimanyu"]
[WhiteElo "2785"]
[BlackElo "2611"]
[Round "4.4.2"]
[Result "1/2-1/2"]

1. c4 {[%clk 01:40:08] [%emt 00:00:51]} Nf6 {[%clk 01:40:53] [%emt 00:00:05]} 2.
Nf3 {[%clk 01:40:14] [%emt 00:00:25]} e6 {[%clk 01:41:13] [%emt 00:00:12]} 3. b3
{[%clk 01:40:38] [%emt 00:00:05]} d5 {[%clk 01:40:49] [%emt 00:00:54]} 4. Bb2
{[%clk 01:40:57] [%emt 00:00:11]} Bd6 {[%clk 01:39:38] [%emt 00:01:40]} 5. g3
{[%clk 01:40:55] [%emt 00:00:32]} O-O {[%clk 01:36:58] [%emt 00:03:10]} 6. Bg2
{[%clk 01:41:03] [%emt 00:00:22]} c5 {[%clk 01:36:56] [%emt 00:00:33]} 7. cxd5
{[%clk 01:40:53] [%emt 00:00:39]} exd5 {[%clk 01:30:20] [%emt 00:07:06]} 8. d4
{[%clk 01:40:19] [%emt 00:01:04]} Nc6 {[%clk 01:28:37] [%emt 00:02:14]} 9. O-O
{[%clk 01:40:09] [%emt 00:00:40]} Re8 {[%clk 01:27:51] [%emt 00:01:16]} 10. Nc3
{[%clk 01:33:55] [%emt 00:06:44]} Nxd4 {[%clk 01:13:46] [%emt 00:14:36]} 11.
Nxd4 {[%clk 01:33:57] [%emt 00:00:28]} cxd4 {[%clk 01:14:14] [%emt 00:00:02]}
12. Nb5 {[%clk 01:18:53] [%emt 00:15:33]} Be5 {[%clk 01:06:03] [%emt 00:08:41]}
13. Bxd4 {[%clk 01:08:20] [%emt 00:11:03]} Bxd4 {[%clk 01:05:46] [%emt
00:00:48]} 14. Nxd4 {[%clk 01:08:08] [%emt 00:00:42]} Bg4 {[%clk 00:59:52] [%emt
00:06:24]} 15. h3 {[%clk 00:52:23] [%emt 00:16:15]} Bd7 {[%clk 00:58:49] [%emt
00:01:33]} 16. e3 {[%clk 00:52:03] [%emt 00:00:50]} Rc8 {[%clk 00:58:10] [%emt
00:01:09]} 17. Ne2 {[%clk 00:48:28] [%emt 00:04:05]} Bb5 {[%clk 00:50:22] [%emt
00:08:17]} 18. Re1 {[%clk 00:48:07] [%emt 00:00:51]} Bxe2 {[%clk 00:50:24] [%emt
00:00:29]} 19. Rxe2 {[%clk 00:47:38] [%emt 00:00:59]} Ne4 {[%clk 00:42:30] [%emt
00:08:23]} 20. Rc2 {[%clk 00:44:56] [%emt 00:03:12]} Qf6 {[%clk 00:41:50] [%emt
00:01:10]} 21. Rac1 {[%clk 00:44:01] [%emt 00:01:25]} Rcd8 {[%clk 00:37:17]
[%emt 00:05:04]} 22. Qf3 {[%clk 00:30:03] [%emt 00:14:28]} Qxf3 {[%clk 00:36:03]
[%emt 00:01:44]} 23. Bxf3 {[%clk 00:30:31] [%emt 00:00:01]} Kf8 {[%clk 00:27:48]
[%emt 00:08:44]} 24. Rc7 {[%clk 00:28:37] [%emt 00:02:24]} Re7 {[%clk 00:27:31]
[%emt 00:00:48]} 25. Bg4 {[%clk 00:28:41] [%emt 00:00:25]} Nd6 {[%clk 00:25:31]
[%emt 00:02:31]} 26. Rxe7 {[%clk 00:27:26] [%emt 00:01:45]} Kxe7 {[%clk
00:25:59] [%emt 00:00:02]} 27. Rc7+ {[%clk 00:27:33] [%emt 00:00:22]} Kf6 {[%clk
00:24:59] [%emt 00:01:31]} 28. Kf1 {[%clk 00:26:41] [%emt 00:01:22]} g6 {[%clk
00:21:37] [%emt 00:03:52]} 29. h4 {[%clk 00:24:28]} h5 {[%clk 00:20:53] [%emt
00:03:57]} 30. Bh3 {[%emt 00:00:38]} Ke5 {[%clk 00:17:13] [%emt 00:04:07]} 31.
f4+ {[%clk 00:17:24] [%emt 00:07:30]} Kf6 {[%clk 00:17:16] [%emt 00:00:26]} 32.
Ke2 {[%clk 00:16:27] [%emt 00:01:27]} Re8 {[%clk 00:06:43] [%emt 00:11:04]} 33.
Kf3 {[%clk 00:15:09] [%emt 00:01:48]} Re7 {[%clk 00:06:43] [%emt 00:00:30]} 34.
Rc5 {[%clk 00:13:21] [%emt 00:02:17]} d4 {[%clk 00:06:22] [%emt 00:00:52]} 35.
exd4 {[%clk 00:13:41] [%emt 00:00:09]} Re8 {[%clk 00:03:52] [%emt 00:03:00]} 36.
Rc7 {[%clk 00:05:16] [%emt 00:08:56]} Re7 {[%clk 00:03:15] [%emt 00:01:07]} 37.
Rxe7 {[%clk 00:04:22] [%emt 00:01:24]} Kxe7 {[%clk 00:03:44] [%emt 00:00:01]}
38. f5 {[%clk 00:04:47] [%emt 00:00:04]} Kf6 {[%clk 00:02:34] [%emt 00:01:39]}
39. fxg6 {[%clk 00:04:46] [%emt 00:00:32]} Kxg6 {[%clk 00:02:26] [%emt
00:00:38]} 40. Kf4 {[%clk 00:03:55] [%emt 00:01:20]} f6 {[%clk 00:02:35] [%emt
00:00:21]} 41. Bg2 {[%clk 00:01:50] [%emt 00:02:36]} b6 {[%clk 00:35:34] [%emt
00:17:31]} 42. a4 {[%clk 00:44:06] [%emt 00:08:13]} Kg7 {[%clk 00:30:26] [%emt
00:05:39]} 43. a5 {[%clk 00:43:44] [%emt 00:00:52]} Kh6 {[%clk 00:28:06] [%emt
00:02:49]} 44. Bf3 {[%clk 00:44:03] [%emt 00:00:12]} Kg6 {[%clk 00:28:09] [%emt
00:00:27]} 45. Bc6 {[%clk 00:40:51] [%emt 00:03:41]} Kg7 {[%clk 00:27:40] [%emt
00:00:58]} 46. b4 {[%clk 00:41:07] [%emt 00:00:16]} Kg6 {[%clk 00:27:46] [%emt
00:00:24]} 47. a6 {[%clk 00:41:28] [%emt 00:00:09]} Kg7 {[%clk 00:27:49] [%emt
00:00:26]} 48. Ba4 {[%clk 00:41:49] [%emt 00:00:09]} Kg6 {[%clk 00:26:47] [%emt
00:01:32]} 49. Bd1 {[%clk 00:42:09] [%emt 00:00:09]} Kh6 {[%clk 00:26:57] [%emt
00:00:22]} 50. d5 {[%clk 00:42:21] [%emt 00:00:18]} Kg6 {[%clk 00:26:44] [%emt
00:00:42]} 51. Ba4 {[%clk 00:42:42] [%emt 00:00:09]} Kg7 {[%clk 00:26:44] [%emt
00:00:29]} 52. Bd1 {[%clk 00:32:47] [%emt 00:10:24]} Kg6 {[%clk 00:26:56] [%emt
00:00:20]} 53. Be2 {[%clk 00:33:13] [%emt 00:00:04]} Kh6 {[%clk 00:27:15] [%emt
00:00:10]} 54. Kf3 {[%clk 00:33:39] [%emt 00:00:04]} Kg6 {[%clk 00:27:19] [%emt
00:00:26]} 55. Kg2 {[%clk 00:34:01] [%emt 00:00:08]} Kh6 {[%clk 00:27:17] [%emt
00:00:33]} 56. Kh3 {[%clk 00:34:16] [%emt 00:00:14]} Kg6 {[%clk 00:27:08] [%emt
00:00:39]} 57. Bd1 {[%emt 00:07:21]} 1/2-1/2

[Site "Europe Echecs"]

[Event "Grand Swiss "]
[Date "2025.09.08"]
[White "Firouzja, Alireza"]
[Black "Gumularz, Szymon"]
[WhiteElo "2754"]
[BlackElo "2590"]
[Round "4.4.4"]
[Result "1/2-1/2"]

1. c4 {[%clk 01:40:57] [%emt 00:00:02]} c6 {[%clk 01:40:39] [%emt 00:00:21]} 2.
Nf3 {[%clk 01:37:51] [%emt 00:03:36]} d5 {[%clk 01:40:22] [%emt 00:00:47]} 3. d4
{[%clk 01:38:18] [%emt 00:00:03]} Nf6 {[%clk 01:40:46] [%emt 00:00:06]} 4. Nc3
{[%clk 01:38:44] [%emt 00:00:04]} e6 {[%clk 01:41:11] [%emt 00:00:05]} 5. e3
{[%clk 01:36:32] [%emt 00:02:42]} a6 {[%clk 01:41:35] [%emt 00:00:07]} 6. Qc2
{[%clk 01:32:20] [%emt 00:04:42]} c5 {[%clk 01:41:44] [%emt 00:00:21]} 7. cxd5
{[%clk 01:31:30] [%emt 00:01:19]} exd5 {[%clk 01:42:08] [%emt 00:00:06]} 8. Be2
{[%clk 01:31:39] [%emt 00:00:22]} cxd4 {[%clk 01:42:24] [%emt 00:00:14]} 9. exd4
{[%clk 01:25:37] [%emt 00:06:30]} Nc6 {[%clk 01:42:24] [%emt 00:00:30]} 10. O-O
{[%clk 01:25:23] [%emt 00:00:45]} Be6 {[%clk 01:42:19] [%emt 00:00:35]} 11. Bg5
{[%clk 01:21:32] [%emt 00:04:21]} h6 {[%clk 01:41:50] [%emt 00:00:59]} 12. Bh4
{[%clk 01:21:12] [%emt 00:00:50]} Be7 {[%clk 01:41:15] [%emt 00:01:05]} 13. Rad1
{[%clk 01:19:49] [%emt 00:01:53]} O-O {[%clk 01:40:15] [%emt 00:01:29]} 14. Ne5
{[%clk 01:19:51] [%emt 00:00:29]} Rc8 {[%clk 01:38:30] [%emt 00:02:16]} 15. Bf3
{[%clk 01:17:50] [%emt 00:02:31]} Nd7 {[%clk 01:26:03] [%emt 00:12:57]} 16. Bg3
{[%clk 00:52:55] [%emt 00:25:23]} Ndxe5 {[%clk 00:47:21] [%emt 00:39:13]} 17.
dxe5 {[%clk 00:48:18] [%emt 00:05:07]} d4 {[%clk 00:47:39] [%emt 00:00:12]} 18.
Qe4 {[%clk 00:43:01] [%emt 00:05:47]} Re8 {[%clk 00:47:35] [%emt 00:00:33]} 19.
Ne2 {[%clk 00:22:56] [%emt 00:20:35]} Bc5 {[%clk 00:47:30] [%emt 00:00:35]} 20.
b3 {[%clk 00:13:05] [%emt 00:10:22]} Qd7 {[%clk 00:46:52] [%emt 00:01:08]} 21.
Qf4 {[%clk 00:12:38] [%emt 00:00:57]} Bd5 {[%clk 00:45:00] [%emt 00:02:22]} 22.
Bg4 {[%clk 00:12:58] [%emt 00:00:09]} Be6 {[%clk 00:45:27] [%emt 00:00:03]} 23.
Bf3 {[%clk 00:13:05] [%emt 00:00:23]} Bd5 {[%clk 00:45:52] [%emt 00:00:05]} 24.
Bg4 {[%clk 00:13:31] [%emt 00:00:04]} Be6 {[%clk 00:46:19] [%emt 00:00:04]} 25.
Bf3 {[%clk 00:13:56] [%emt 00:00:04]} Bd5 {[%emt 00:00:39]} 1/2-1/2

[Site "Europe Echecs"]

[Event "Grand Swiss "]
[Date "2025.09.08"]
[White "Keymer, Vincent"]
[Black "Svane, Frederik"]
[WhiteElo "2751"]
[BlackElo "2643"]
[Round "4.4.5"]
[Result "1-0"]

1. e4 {[%clk 01:40:57] [%emt 00:00:03]} e5 {[%clk 01:40:16] [%emt 00:00:45]} 2.
Nf3 {[%clk 01:41:22] [%emt 00:00:05]} Nc6 {[%clk 01:40:42] [%emt 00:00:04]} 3.
Bb5 {[%clk 01:41:47] [%emt 00:00:04]} a6 {[%clk 01:41:01] [%emt 00:00:11]} 4.
Ba4 {[%clk 01:42:13] [%emt 00:00:05]} Nf6 {[%clk 01:41:26] [%emt 00:00:05]} 5.
O-O {[%clk 01:42:38] [%emt 00:00:05]} Nxe4 {[%clk 01:41:12] [%emt 00:00:44]} 6.
d4 {[%clk 01:43:01] [%emt 00:00:06]} b5 {[%clk 01:41:32] [%emt 00:00:11]} 7. Bb3
{[%clk 01:43:26] [%emt 00:00:05]} d5 {[%clk 01:41:50] [%emt 00:00:12]} 8. dxe5
{[%clk 01:43:50] [%emt 00:00:06]} Be6 {[%clk 01:41:52] [%emt 00:00:28]} 9. c3
{[%clk 01:44:15] [%emt 00:00:05]} Bc5 {[%clk 01:42:11] [%emt 00:00:11]} 10. Nbd2
{[%clk 01:43:51] [%emt 00:00:54]} O-O {[%clk 01:42:29] [%emt 00:00:12]} 11. Bc2
{[%clk 01:44:17] [%emt 00:00:04]} Nxf2 {[%clk 01:41:04] [%emt 00:01:56]} 12.
Rxf2 {[%clk 01:44:42] [%emt 00:00:05]} f6 {[%clk 01:41:25] [%emt 00:00:09]} 13.
exf6 {[%clk 01:44:43] [%emt 00:00:30]} Qxf6 {[%clk 01:40:09] [%emt 00:01:45]}
14. Qf1 {[%clk 01:22:57] [%emt 00:22:16]} Rae8 {[%clk 01:39:45] [%emt 00:00:54]}
15. Nb3 {[%clk 01:17:24] [%emt 00:06:03]} Bxf2+ {[%clk 01:40:08] [%emt
00:00:07]} 16. Qxf2 {[%clk 01:17:49] [%emt 00:00:05]} Ne5 {[%clk 01:20:41] [%emt
00:19:57]} 17. Nbd4 {[%clk 01:13:23] [%emt 00:04:56]} Bg4 {[%clk 01:16:57] [%emt
00:04:13]} 18. Bg5 {[%clk 01:07:48] [%emt 00:06:06]} Qb6 {[%clk 00:58:44] [%emt
00:18:43]} 19. Qh4 {[%clk 01:00:13] [%emt 00:08:04]} Nxf3+ {[%clk 00:58:43]
[%emt 00:00:31]} 20. gxf3 {[%clk 01:00:38] [%emt 00:00:05]} Bf5 {[%clk 00:59:09]
[%emt 00:00:05]} 21. Bb3 {[%clk 00:54:13] [%emt 00:06:55]} c6 {[%clk 00:36:41]
[%emt 00:22:58]} 22. Be7 {[%clk 00:48:26] [%emt 00:06:17]} Rf7 {[%clk 00:36:03]
[%emt 00:01:08]} 23. Re1 {[%clk 00:48:32] [%emt 00:00:24]} Bd7 {[%clk 00:19:57]
[%emt 00:16:37]} 24. Re5 {[%clk 00:22:28] [%emt 00:26:34]} c5 {[%clk 00:17:54]
[%emt 00:02:33]} 25. Bxc5 {[%clk 00:21:59] [%emt 00:00:58]} Qxc5 {[%clk
00:12:57] [%emt 00:05:27]} 26. Rxd5 {[%clk 00:22:28] [%emt 00:00:02]} Qc7 {[%clk
00:13:12] [%emt 00:00:11]} 27. Qh5 {[%clk 00:11:37] [%emt 00:11:24]} Ree7 {[%clk
00:06:18] [%emt 00:07:24]} 28. Rc5 {[%clk 00:11:39] [%emt 00:00:27]} Qd6 {[%clk
00:06:22] [%emt 00:00:22]} 29. Bxf7+ {[%clk 00:12:02] [%emt 00:00:11]} Rxf7
{[%clk 00:06:50] [%emt 00:00:03]} 30. Rd5 {[%clk 00:12:25] [%emt 00:00:06]} Qf8
{[%clk 00:04:45] [%emt 00:02:35]} 31. a3 {[%clk 00:09:28] [%emt 00:03:28]} h6
{[%clk 00:04:59] [%emt 00:00:16]} 32. Qg6 {[%clk 00:08:49] [%emt 00:01:09]} Qe8
{[%clk 00:04:53] [%emt 00:00:36]} 33. Qd3 {[%clk 00:01:21] [%emt 00:07:58]} Qe1+
{[%clk 00:05:19] [%emt 00:00:05]} 34. Qf1 {[%clk 00:01:31] [%emt 00:00:21]} Qe3+
{[%clk 00:03:19] [%emt 00:02:30]} 35. Qf2 {[%clk 00:01:59] [%emt 00:00:01]} Qc1+
{[%clk 00:03:29] [%emt 00:00:20]} 36. Kg2 {[%clk 00:02:28] [%emt 00:00:01]} Re7
{[%clk 00:03:53] [%emt 00:00:06]} 37. h4 {[%clk 00:01:54] [%emt 00:01:05]} Qf4
{[%clk 00:02:09] [%emt 00:02:14]} 38. Ne2 {[%clk 00:01:16] [%emt 00:01:08]} Qf6
{[%clk 00:01:22] [%emt 00:01:14]} 39. Rd4 {[%clk 00:00:51] [%emt 00:00:58]} Qg6+
{[%clk 00:00:46] [%emt 00:01:07]} 40. Ng3 {[%clk 00:00:45] [%emt 00:00:35]} Bc6
{[%clk 00:00:34] [%emt 00:00:42]} 41. Rd8+ {[%clk 00:42:42] [%emt 00:08:32]} Re8
{[%clk 00:38:59] [%emt 00:12:05]} 42. Rxe8+ {[%clk 00:38:35] [%emt 00:04:37]}
Qxe8 {[%clk 00:39:23] [%emt 00:00:06]} 43. Qc5 {[%clk 00:30:26] [%emt 00:08:39]}
Qe6 {[%clk 00:28:52] [%emt 00:10:59]} 44. Kf2 {[%clk 00:29:04] [%emt 00:01:54]}
Qf6 {[%clk 00:26:05] [%emt 00:03:16]} 45. Qh5 {[%clk 00:28:54] [%emt 00:00:41]}
Qf4 {[%clk 00:10:16] [%emt 00:16:17]} 46. Qg4 {[%clk 00:28:47] [%emt 00:00:38]}
Qd2+ {[%clk 00:10:32] [%emt 00:00:11]} 47. Ne2 {[%clk 00:29:14] [%emt 00:00:06]}
Be8 {[%clk 00:08:45] [%emt 00:02:15]} 48. Qc8 {[%clk 00:29:23] [%emt 00:00:23]}
Kf7 {[%clk 00:08:09] [%emt 00:01:05]} 49. Qxa6 {[%clk 00:21:03] [%emt 00:08:52]}
Qxb2 {[%clk 00:07:01] [%emt 00:01:38]} 50. Qb7+ {[%clk 00:21:31] [%emt
00:00:01]} Kf8 {[%clk 00:05:08] [%emt 00:02:16]} 51. a4 {[%clk 00:22:00] [%emt
00:00:09]} b4 {[%clk 00:04:53] [%emt 00:00:45]} 52. Qxb4+ {[%clk 00:20:31] [%emt
00:01:59]} Qxb4 {[%clk 00:05:20] [%emt 00:00:03]} 53. cxb4 {[%clk 00:20:58]
[%emt 00:00:02]} Bxa4 {[%clk 00:05:46] [%emt 00:00:03]} 54. Nd4 {[%clk 00:21:22]
[%emt 00:00:06]} Bd7 {[%clk 00:05:33] [%emt 00:00:43]} 55. b5 {[%clk 00:08:06]
[%emt 00:13:47]} Ke7 {[%clk 00:06:00] [%emt 00:00:03]} 56. h5 {[%clk 00:06:44]
[%emt 00:01:52]} Kd6 {[%clk 00:03:21] [%emt 00:03:09]} 57. Ke3 {[%clk 00:03:53]
[%emt 00:03:21]} *

[Site "Europe Echecs"]

[Event "Grand Swiss "]
[Date "2025.09.08"]
[White "Cheparinov, Ivan"]
[Black "Giri, Anish"]
[WhiteElo "2627"]
[BlackElo "2746"]
[Round "4.4.6"]
[Result "1/2-1/2"]

1. d4 {[%clk 01:40:57] [%emt 00:00:02]} Nf6 {[%clk 01:40:33] [%emt 00:00:27]} 2.
c4 {[%emt 00:00:11]} e6 {[%clk 01:40:55] [%emt 00:00:01]} 3. Nc3 {[%clk
01:41:46]} Bb4 {[%clk 01:41:09] [%emt 00:00:23]} 4. e3 {[%emt 00:00:27]} O-O
{[%clk 01:41:27] [%emt 00:00:07]} 5. Bd3 {[%clk 01:42:13]} d5 {[%clk 01:41:38]
[%emt 00:00:29]} 6. a3 {[%clk 01:42:38]} Bxc3+ {[%clk 01:41:28] [%emt 00:00:46]}
7. bxc3 {[%clk 01:43:04]} dxc4 {[%clk 01:41:53] [%emt 00:00:09]} 8. Bxc4 {[%clk
01:43:29]} c5 {[%clk 01:42:21] [%emt 00:00:08]} 9. Ne2 {[%emt 00:01:29]} Qc7
{[%clk 01:37:52]} 10. Bd3 {[%clk 01:42:10] [%emt 00:05:48]} Nc6 {[%clk
01:37:31]} 11. O-O {[%clk 01:41:09] [%emt 00:02:21]} e5 {[%clk 01:37:36] [%emt
00:00:26]} 12. e4 {[%clk 01:41:30]} cxd4 {[%clk 01:37:30] [%emt 00:00:45]} 13.
cxd4 {[%clk 01:41:56]} Nxd4 {[%clk 01:37:39] [%emt 00:00:24]} 14. Nxd4 {[%clk
01:42:21]} exd4 {[%clk 01:38:06] [%emt 00:00:09]} 15. Bd2 {[%emt 00:00:15]} Ng4
{[%clk 01:38:15] [%emt 00:00:11]} 16. f4 {[%emt 00:00:13]} Ne3 {[%clk 01:37:26]
[%emt 00:01:14]} 17. Qc1 {[%clk 01:43:25] [%emt 00:00:12]} Qxc1 {[%clk 01:36:34]
[%emt 00:01:23]} 18. Rfxc1 {[%clk 01:43:50]} Bd7 {[%emt 00:02:11]} 19. Kf2
{[%emt 00:13:02]} Bc6 {[%clk 01:22:23] [%emt 00:00:41]} 20. Bxe3 {[%clk
01:42:37] [%emt 00:01:35]} dxe3+ {[%clk 01:22:49]} 21. Kxe3 {[%clk 01:43:00]
[%emt 00:00:10]} g6 {[%emt 00:14:24]} 22. g3 {[%emt 00:00:31]} Rad8 {[%clk
01:19:15] [%emt 00:10:53]} 23. Rab1 Rd7 {[%emt 00:03:32]} 24. Rc3 {[%emt
00:05:11]} h5 {[%clk 01:14:40] [%emt 00:00:02]} 25. Rb4 {[%clk 01:19:07] [%emt
00:01:29]} Rfd8 {[%clk 01:13:14] [%emt 00:01:56]} 26. a4 {[%clk 01:18:32] [%emt
00:01:05]} a5 {[%clk 01:10:14] [%emt 00:03:30]} 27. Rbc4 {[%clk 01:18:21] [%emt
00:00:41]} Kg7 {[%clk 01:10:32] [%emt 00:00:13]} 28. h4 {[%clk 01:17:30] [%emt
00:01:21]} Kh6 {[%clk 01:10:12] [%emt 00:00:49]} 29. Ra3 {[%clk 01:17:08] [%emt
00:00:52]} Kg7 {[%clk 01:10:35] [%emt 00:00:07]} 30. Rac3 {[%clk 01:17:28] [%emt
00:00:10]} Kh6 {[%clk 01:11:01] [%emt 00:00:05]} 31. Ra3 {[%clk 01:17:55] [%emt
00:00:03]} Kg7 {[%clk 01:11:26] [%emt 00:00:05]} 32. Rac3 {[%clk 01:18:22] [%emt
00:00:03]} 1/2-1/2

[Site "Europe Echecs"]

[Event "Grand Swiss "]
[Date "2025.09.08"]
[White "Salem, A.R. Saleh"]
[Black "Aronian, Levon"]
[WhiteElo "2640"]
[BlackElo "2744"]
[Round "4.4.7"]
[Result "1/2-1/2"]

1. Nf3 {[%clk 01:40:56] [%emt 00:00:03]} Nf6 {[%clk 01:40:41] [%emt 00:00:20]}
2. g3 {[%clk 01:40:59] [%emt 00:00:28]} c5 {[%clk 01:40:59] [%emt 00:00:11]} 3.
Bg2 {[%clk 01:41:19] [%emt 00:00:08]} Nc6 {[%clk 01:40:55] [%emt 00:00:36]} 4.
O-O {[%clk 01:41:30] [%emt 00:00:19]} d5 {[%clk 01:41:19] [%emt 00:00:06]} 5. d4
{[%clk 01:37:25] [%emt 00:04:35]} e6 {[%clk 01:41:05] [%emt 00:00:44]} 6. b3
{[%clk 01:37:02] [%emt 00:00:53]} cxd4 {[%clk 01:39:55] [%emt 00:01:41]} 7. Nxd4
{[%clk 01:37:14] [%emt 00:00:18]} Bd7 {[%clk 01:39:48] [%emt 00:00:36]} 8. Bb2
{[%clk 01:26:30] [%emt 00:11:15]} Bc5 {[%clk 01:38:00] [%emt 00:02:18]} 9. c4
{[%clk 01:21:47] [%emt 00:05:13]} Bxd4 {[%clk 01:33:46] [%emt 00:04:44]} 10.
Bxd4 {[%clk 01:22:11] [%emt 00:00:07]} Nxd4 {[%clk 01:33:56] [%emt 00:00:20]}
11. Qxd4 {[%clk 01:22:31] [%emt 00:00:09]} dxc4 {[%clk 01:34:14] [%emt
00:00:13]} 12. Bxb7 {[%clk 01:17:48] [%emt 00:05:13]} Rb8 {[%clk 01:33:26] [%emt
00:01:17]} 13. Bf3 {[%clk 01:18:14] [%emt 00:00:05]} cxb3 {[%clk 01:30:00] [%emt
00:03:56]} 14. axb3 {[%clk 01:17:17] [%emt 00:01:26]} Qb6 {[%clk 01:30:05] [%emt
00:00:25]} 15. Rd1 {[%clk 00:58:33] [%emt 00:19:15]} Qxd4 {[%clk 01:29:51] [%emt
00:00:44]} 16. Rxd4 {[%clk 00:58:53] [%emt 00:00:09]} e5 {[%clk 01:30:01] [%emt
00:00:19]} 17. Rd1 {[%clk 00:59:10] [%emt 00:00:13]} e4 {[%clk 01:28:48] [%emt
00:01:42]} 18. Bg2 {[%clk 00:58:28] [%emt 00:01:13]} Bg4 {[%clk 01:26:54] [%emt
00:02:24]} 19. Nc3 {[%clk 00:51:14] [%emt 00:07:45]} O-O {[%clk 01:27:10] [%emt
00:00:13]} 20. Nxe4 {[%clk 00:38:49] [%emt 00:12:55]} Nxe4 {[%clk 01:27:18]
[%emt 00:00:22]} 21. Bxe4 {[%clk 00:39:13] [%emt 00:00:06]} Bxe2 {[%clk
01:27:45] [%emt 00:00:03]} 22. Re1 {[%clk 00:32:57] [%emt 00:06:46]} Bg4 {[%clk
01:28:07] [%emt 00:00:07]} 23. Bd5 {[%clk 00:30:44] [%emt 00:02:43]} Be6 {[%clk
01:28:09] [%emt 00:00:28]} 24. Bxe6 {[%clk 00:31:09] [%emt 00:00:06]} fxe6
{[%clk 01:28:35] [%emt 00:00:03]} 25. Rxe6 {[%clk 00:30:26] [%emt 00:01:14]}
Rxb3 {[%clk 01:29:00] [%emt 00:00:05]} 26. Ra2 {[%clk 00:27:33] [%emt 00:03:22]}
Rb7 {[%clk 01:29:19] [%emt 00:00:11]} 27. Rea6 {[%clk 00:27:57] [%emt 00:00:07]}
Rff7 {[%clk 01:29:43] [%emt 00:00:05]} 28. h4 {[%clk 00:28:14] [%emt 00:00:13]}
h6 {[%clk 01:30:08] [%emt 00:00:05]} 29. Kg2 {[%clk 00:28:40] [%emt 00:00:05]}
Kh7 {[%clk 01:30:19] [%emt 00:00:19]} 30. R6a5 {[%clk 00:29:06] [%emt 00:00:04]}
Rbc7 {[%clk 01:30:35] [%emt 00:00:13]} 31. Ra6 {[%clk 00:29:27] [%emt 00:00:10]}
Rb7 {[%clk 01:30:59] [%emt 00:00:06]} 32. R6a5 {[%clk 00:29:53] [%emt 00:00:04]}
1/2-1/2

[Site "Europe Echecs"]

[Event "Grand Swiss "]
[Date "2025.09.08"]
[White "Nepomniachtchi, Ian"]
[Black "Hovhannisyan, Robert"]
[WhiteElo "2742"]
[BlackElo "2629"]
[Round "4.4.8"]
[Result "1/2-1/2"]

1. e4 {[%clk 01:40:53] [%emt 00:00:06]} e5 {[%clk 01:40:53] [%emt 00:00:08]} 2.
Nf3 {[%clk 01:41:18] [%emt 00:00:04]} Nf6 {[%clk 01:41:14] [%emt 00:00:10]} 3.
Nxe5 {[%clk 01:40:05] [%emt 00:01:42]} d6 {[%clk 01:41:27] [%emt 00:00:17]} 4.
Nf3 {[%clk 01:40:26] [%emt 00:00:08]} Nxe4 {[%clk 01:41:52] [%emt 00:00:06]} 5.
Nc3 {[%clk 01:40:53] [%emt 00:00:03]} Nxc3 {[%clk 01:42:04] [%emt 00:00:17]} 6.
dxc3 {[%clk 01:39:02] [%emt 00:02:21]} Be7 {[%clk 01:42:25] [%emt 00:00:09]} 7.
Be3 {[%clk 01:39:28] [%emt 00:00:03]} Nd7 {[%clk 01:42:36] [%emt 00:00:20]} 8.
Qd2 {[%clk 01:39:52] [%emt 00:00:07]} O-O {[%clk 01:42:48] [%emt 00:00:17]} 9.
O-O-O {[%clk 01:40:16] [%emt 00:00:06]} Nf6 {[%clk 01:42:27] [%emt 00:00:51]}
10. Bd3 {[%clk 01:40:38] [%emt 00:00:08]} Re8 {[%clk 01:42:08] [%emt 00:00:49]}
11. Rhe1 {[%clk 01:37:38] [%emt 00:03:30]} Bg4 {[%clk 01:41:52] [%emt 00:00:46]}
12. h3 {[%clk 01:38:02] [%emt 00:00:06]} Bxf3 {[%clk 01:41:04] [%emt 00:01:18]}
13. gxf3 {[%clk 01:38:30] [%emt 00:00:02]} g6 {[%clk 01:37:42] [%emt 00:03:52]}
14. Rg1 {[%clk 01:30:38] [%emt 00:08:22]} Bf8 {[%clk 01:31:38] [%emt 00:06:34]}
15. f4 {[%clk 01:28:18] [%emt 00:02:49]} Bh6 {[%clk 01:26:39] [%emt 00:05:29]}
16. Rde1 {[%clk 01:24:31] [%emt 00:04:17]} d5 {[%clk 01:19:58] [%emt 00:07:11]}
17. f5 {[%clk 01:21:33] [%emt 00:03:28]} Ne4 {[%clk 01:14:39] [%emt 00:05:49]}
18. Bxe4 {[%clk 01:20:35] [%emt 00:01:29]} Bxe3 {[%clk 01:15:01] [%emt
00:00:07]} 19. Rxe3 {[%clk 01:20:52] [%emt 00:00:13]} dxe4 {[%clk 01:09:07]
[%emt 00:06:24]} 20. Qe2 {[%clk 01:18:00] [%emt 00:03:21]} Qd5 {[%clk 01:01:38]
[%emt 00:07:58]} 21. fxg6 {[%clk 01:15:59] [%emt 00:02:32]} hxg6 {[%clk
01:00:19] [%emt 00:01:49]} 22. c4 {[%clk 01:16:22] [%emt 00:00:07]} Qe5 {[%clk
00:53:40] [%emt 00:07:07]} 23. Rg4 {[%clk 01:14:16] [%emt 00:02:38]} Qh2 {[%clk
00:46:36] [%emt 00:07:34]} 24. Qf1 {[%clk 01:09:35] [%emt 00:05:11]} Re5 {[%clk
00:35:00] [%emt 00:12:07]} 25. Rgxe4 {[%clk 00:54:16] [%emt 00:15:49]} Rae8
{[%clk 00:35:09] [%emt 00:00:21]} 26. Rxe5 {[%clk 00:54:13] [%emt 00:00:33]}
Rxe5 {[%clk 00:35:35] [%emt 00:00:05]} 27. Rxe5 {[%clk 00:51:24] [%emt
00:03:19]} Qxe5 {[%clk 00:35:59] [%emt 00:00:06]} 28. Kb1 {[%clk 00:51:19] [%emt
00:00:34]} Kg7 {[%clk 00:33:52] [%emt 00:02:36]} 29. a4 {[%clk 00:51:35] [%emt
00:00:15]} b6 {[%clk 00:28:51] [%emt 00:05:32]} 30. Ka2 {[%clk 00:49:41] [%emt
00:02:23]} a5 {[%clk 00:27:46] [%emt 00:01:35]} 31. Qd3 {[%clk 00:49:31] [%emt
00:00:40]} c5 {[%clk 00:26:06] [%emt 00:02:10]} 32. Qf3 {[%clk 00:49:13] [%emt
00:00:48]} Qf5 {[%clk 00:17:24] [%emt 00:09:12]} 33. Qb3 {[%clk 00:47:44] [%emt
00:01:58]} Qxf2 {[%clk 00:13:34] [%emt 00:04:20]} 34. Qxb6 {[%clk 00:48:09]
[%emt 00:00:05]} Qxc2 {[%clk 00:13:59] [%emt 00:00:05]} 35. Qxc5 {[%clk
00:47:24] [%emt 00:01:15]} Qxa4+ {[%clk 00:14:20] [%emt 00:00:09]} 36. Kb1
{[%clk 00:47:53] [%emt 00:00:01]} Qd1+ {[%clk 00:14:26] [%emt 00:00:24]} 37. Ka2
{[%clk 00:48:22] [%emt 00:00:01]} Qa4+ {[%clk 00:14:40] [%emt 00:00:16]} 38. Kb1
{[%clk 00:48:50] [%emt 00:00:02]} Qd1+ {[%clk 00:15:04] [%emt 00:00:07]} 39. Ka2
{[%clk 00:49:18] [%emt 00:00:02]} 1/2-1/2

[Site "Europe Echecs"]